ベストナイン経験のある現役選手(2026) - Statistics

General Stats
  • This quiz has been taken 108 times
  • The average score is 67 of 78
Answer Stats
現所属 初選出 選手名 % Correct
阪神 捕手部門(2025) 坂本誠志郎
99%
巨人 遊撃手部門(2009) 坂本勇人
99%
阪神 三塁手部門(2025) 佐藤輝明
97%
ロッテ 捕手部門(2024) 佐藤都志也
97%
阪神 外野手部門(2021) 近本光司
96%
阪神 一塁手部門(2023) 大山悠輔
96%
DeNA 二塁手部門(2022) 牧秀悟
96%
オリックス 捕手部門(2018) 森友哉
96%
阪神 遊撃手部門(2023) 木浪聖也
94%
阪神 投手部門(2025) 村上頌樹
94%
中日 投手部門(2021) 柳裕也
94%
広島 二塁手部門(2017) 菊池涼介
94%
ソフトバンク 外野手部門(2014) 柳田悠岐
94%
阪神 外野手部門(2025) 森下翔太
93%
DeNA 外野手部門(2015) 筒香嘉智
93%
DeNA 投手部門(2023) 東克樹
93%
巨人 捕手部門(2017) 甲斐拓也
93%
ヤクルト 捕手部門(2015) 中村悠平
93%
西武 三塁手部門(2008) 中村剛也
93%
ロッテ 二塁手部門(2021) 中村奨吾
93%
巨人 外野手部門(2014) 丸佳浩
91%
ヤクルト 二塁手部門(2014) 山田哲人
91%
ソフトバンク 一塁手部門(2018) 山川穂高
91%
オリックス 三塁手部門(2021) 宗佑磨
91%
阪神 遊撃手部門(2022) 中野拓夢
90%
中日 外野手部門(2024) 細川成也
90%
ヤクルト 一塁手部門(2022) オスナ
90%
ヤクルト 遊撃手部門(2024) 長岡秀樹
90%
ソフトバンク 遊撃手部門(2014) 今宮健太
90%
ソフトバンク 二塁手部門(2025) 牧原大成
90%
オリックス 捕手部門(2025) 若月健矢
90%
巨人 捕手部門(2023) 大城卓三
88%
巨人 二塁手部門(2024) 吉川尚輝
88%
ヤクルト 外野手部門(2024) サンタナ
88%
ソフトバンク 捕手部門(2024) 山本祐大
88%
オリックス 遊撃手部門(2023) 紅林弘太郎
88%
巨人 投手部門(2011) 田中将大
87%
西武 外野手部門(2008) 栗山巧
87%
西武 遊撃手部門(2018) 源田壮亮
87%
巨人 遊撃手部門(2025) 泉口友汰
85%
中日 外野手部門(2012) 大島洋平
85%
広島 捕手部門(2017) 會澤翼
85%
ヤクルト 外野手部門(2021) 塩見泰隆
85%
ソフトバンク 指名打者部門(2018) 近藤健介
85%
日本ハム 指名打者部門(2024) レイエス
85%
楽天 一塁手部門(2013) 浅村栄斗
85%
ロッテ 指名打者部門(2023) ポランコ
85%
DeNA 外野手部門(2020) 佐野恵太
84%
巨人 外野手部門(2022) 松本剛
84%
広島 外野手部門(2015) 秋山翔吾
84%
ソフトバンク 投手部門(2025) モイネロ
84%
日本ハム 外野手部門(2023) 万波中正
84%
中日 外野手部門(2022) 岡林勇希
82%
ソフトバンク 三塁手部門(2024) 栗原陵矢
82%
日本ハム 投手部門(2024) 有原航平
82%
西武 一塁手部門(2025) ネビン
82%
ロッテ 外野手部門(2018) ソト
82%
中日 三塁手部門(2019) 高橋周平
81%
オリックス 一塁手部門(2023) 頓宮裕真
81%
オリックス 外野手部門(2023) 西川龍馬
81%
楽天 遊撃手部門(2025) 宗山塁
81%
西武 捕手部門(2015) 炭谷銀仁朗
81%
ソフトバンク 外野手部門(2025) 柳町達
79%
オリックス 外野手部門(2021) 杉本裕太郎
79%
楽天 捕手部門(2014) 伊藤光
79%
楽天 三塁手部門(2025) 村林一輝
79%
ソフトバンク 外野手部門(2024) 周東佑京
78%
楽天 外野手部門(2024) 辰己涼介
78%
DeNA 三塁手部門(2017) 宮﨑敏郎
76%
楽天 二塁手部門(2024) 小深田大翔
76%
DeNA 一塁手部門(2018) ビシエド
75%
日本ハム 遊撃手部門(2015) 中島卓也
75%
ロッテ 外野手部門(2012) 角中勝也
75%
オリックス 外野手部門(2025) 中川圭太
71%
ロッテ 捕手部門(2016) 田村龍弘
71%
楽天 投手部門(2010) 前田健太
63%
楽天 遊撃手部門(2013) 鈴木大地
63%
ヤクルト 投手部門(2022) 青柳晃洋
44%
No matching quizzes found
Score Distribution
Percent of People with Each Score
Percentile by Number Answered
Your Score History
You have not taken this quiz